000 00431nam a2200181Ia 4500
001 4878
005 20260306145827.0
008 260306t2019||||xx |||||||||||||| ||spa||
041 _aESP
082 _a330.98501
_bK26
100 _aKaulicke, Peter
_eAUT
245 0 _aHistoria económica del antiguo Perú
260 _c2019
300 _a533 páginas :
_c20 cm.
650 _aGEN
654 _aCAN
942 _cLIB
_dJUS
_fJUS
_2ddc
_n
999 _c4878
_d4878